[Event "Llinars del Valles op-B 8th"]
[Site "Llinars del Valles"]
[Date "2014.06.07"]
[Round "6"]
[White "Colom Carola, Josep"]
[Black "Nunez Colome, David"]
[Result "1/2-1/2"]
[WhiteElo "1741"]
[BlackElo "1909"]
[PlyCount "44"]
[EventDate "2014.04.26"]
[EventType "swiss"]
[EventRounds "8"]
[EventCountry "ESP"]
[SourceTitle "EXT 2015"]
[Source "ChessBase"]
[SourceDate "2014.11.20"]
[SourceVersion "1"]
[SourceVersionDate "2014.11.20"]
[SourceQuality "1"]

1. e4 e5 2. Nf3 Nc6 3. Bc4 Bc5 4. b4 Bxb4 5. c3 Bc5 6. d4 exd4 7. cxd4 Bb4+ 8. Bd2 Bxd2+ 9. Qxd2 h6 10. Nc3 d6 11. h3 Nf6 12. 0-0 0-0 13. Rfe1 Re8 14. Rad1 a6 15. a4 b6 16. Qf4 Na5 17. Ba2 Be6 18. d5 Nh5 19. Qc1 Bd7 20. e5 dxe5 21. Nxe5 Nf6 22. Qf4 Rf8 1/2-1/2